भगवन महावीर/ (Record no. 201284)

MARC details
000 -LEADER
fixed length control field 00790nam a22001817a 4500
005 - DATE AND TIME OF LATEST TRANSACTION
control field 20240307121054.0
010 ## - LCCN (DPL NO)
LC control number HIN-127037
020 ## - INTERNATIONAL STANDARD BOOK NUMBER
International Standard Book Number 9789380964355
Terms of availability 495.00
035 ## - SYSTEM CONTROL NUMBER
System control number HN-99383
037 ## - SOURCE OF ACQUISITION
Source of stock number/acquisition DBAD/PUB
082 ## - DEWEY DECIMAL CLASSIFICATION NUMBER
Classification number 240.33
100 ## - MAIN ENTRY--PERSONAL NAME
Personal name शर्मा,पवित्र कुमार
245 ## - TITLE STATEMENT
Title भगवन महावीर/
Statement of responsibility, etc पवित्र कुमार शर्मा
260 ## - PUBLICATION, DISTRIBUTION, ETC. (IMPRINT)
Place of publication, distribution, etc नई दिल्ली
Name of publisher, distributor, etc नीलगिरि प्रकाशन
Date of publication, distribution, etc 2021
270 ## - ADDRESS
Address 4760-61 द्वितीय तल 23 अंसारी रोड दरियागंज
City नई दिल्ली
Postal code 110002
300 ## - PHYSICAL DESCRIPTION
Extent 168पृष्ठ;
Dimensions 22 सेमी(सजिल्द)
942 ## - ADDED ENTRY ELEMENTS (KOHA)
Source of classification or shelving scheme Dewey Decimal Classification
Item type Hindi Books
Classification part 240.33
Call number suffix शर्माप
Holdings
Withdrawn status Lost status Not for loan Collection code Home library Current library Date acquired Source of acquisition Cost, normal purchase price Full call number Barcode Copy number Cost, replacement price Koha item type
      Non-fiction Tri Nagar Tri Nagar 07/03/2024 DBAD/PUB 495.00 240.33 शर्माप HN-99383 1 495.00 Hindi Books

© Delhi Public Library
Hit Counter
free hit counter